000 00775 a2200205 4500
001 59308
005 20260407155847.0
008 260407a1987 arg spa d
003 AR-UNSa-BCEJYS
040 _aAR-UNSa-BCEJYS
_bspa
_cAR-UNSa-BCEJYS
080 _a631.15
_xProducción de la explotación agrícola. Gestión de la explotación agrícola. Administración de la explotación agrícola
245 1 0 _aAnálisis de proyectos agroindustriales
020 _a84-309-1082-4
264 1 _aMadrid :
_bTecnos
_c1987
300 _a202 p.
_c23 cm.
505 _a1. Visión global – 2. El factor de comercialización – 3. El factor de adquisición – 4. El factor de elaboración
942 _cBK
590 _aniveau_biblio:m niveau_hierar:0
100 1 _aAustin, James
999 _c6643
_d6643